| 000 | 00824nam a2200241Ia 4500 | ||
|---|---|---|---|
| 008 | 191130s1994##################000#0#eng## | ||
| 020 | _a9780198258100 | ||
| 022 | _a93038252 | ||
| 040 |
_aACL _cACL |
||
| 082 | _a346.4015 MAC | ||
| 245 |
_aFamilies, politics and the law : perspectives for east and West Europe _cedited by Mavis Maclean and Jacek Kurczewski |
||
| 260 |
_aOxford _bClarendon Press ; Oxford University Press _c1994 |
||
| 300 | _ax, 326 p. ; 23 cm | ||
| 500 | _aIncludes bibliographical references and index | ||
| 650 | _aDomestic relations - Europe | ||
| 650 | _aFamily policy - Europe | ||
| 650 | _aPrivatization - Law and legislation - Europe | ||
| 700 | _aKurczewski, Jacek | ||
| 700 | _aMaclean, Mavis | ||
| 990 | _a4e5cfb90ac10000c6170029c539055c8 | ||
| 991 | _a294400 | ||
| 999 |
_c181367 _d181367 |
||